000 00865nam a2200253Ia 4500
003 OSt
005 20220918170951.0
006 a|||||r|||| 00| 0
007 ta
008 220917b |||||||| |||| 00| 0 eng d
020 _a9781107132320 (hbk)
_cUKP 64.99
024 _a318,559
037 _b109939, 09/03/2017, International Book Distributors
_cTextual
040 _aARTS
_cARTS
_beng
041 _2eng
_aeng
082 _aR3xC57:g, Q6
100 _aHestir Blake E. Au.
_932721
245 0 _aPlato on the metaphysical foundation of meaning and truth
260 _aCambridge
_bCambridge University Press UK
_c2016
300 _axiv,270p.
_ccm.
650 _aMETAPHYSICS; PLATO; PHILOSOPHERS
_932722
942 _hR3xC57:g, Q6
_cTEXL
_2CC
999 _c136994
_d136994